Get gardening!

Bibliographic Details
Main Author: Taylor,Barbara
Format: Book
Published: UK : Parragon Books , 2007
Subjects:

MARC

LEADER 00000cam a2200000 7i4500
001 0000065055
005 20160809.0
008 160809
020 |a 9781407520766 
090 0 0 |a 635   |b TAY 
100 1 |a Taylor,Barbara 
245 1 0 |a Get gardening!   |c Barbara Taylor 
260 |a UK :   |b Parragon Books ,   |c 2007 
300 |a 64p. :   |b col.ill 
500 |a Includes index 
650 0 |a Gardening 
999 |a 0000113311   |b Book   |c Adult Collection   |e Cawangan Tangkak 
999 |a 0001133109   |b Book   |c Adult Collection   |e Cawangan Segamat 
999 |a 0001133113   |b Book   |c Adult Collection   |e Cawangan Pontian 
999 |a 0001133114   |b Book   |c Adult Collection   |e Cawangan Pontian 
999 |a 0001133117   |b Book   |c Adult Collection   |e Cawangan Bandar Penawar